000 01329cam a22003614a 4500
001 17044397
003 USPCAS-E
005 20180118181417.0
008 111114s2012 enkab b 001 0 eng
010 _a 2011043743
016 7 _a016006595
_2Uk
020 _a9781848213326
020 _a1848213328
035 _a(OCoLC)ocn761334754
040 _aDLC
_beng
_cDLC
_dYDX
_dUKMGB
_dBTCTA
_dYDXCP
_dBWX
_dDLC
042 _apcc
043 _ae-fr---
050 0 0 _aTJ163.25.F8
_bM345 2012
082 0 0 _a333.914
_223
_bMAR 2012
245 0 0 _aMarine renewable energy handbook /
_cedited by Bernard Multon.
260 _aLondon :
_bISTE ;
_aHoboken, NJ :
_bJohn Wiley & Sons,
_c2012.
300 _axx, 643 p. :
_bill., maps ;
_c24 cm.
502 _a.
504 _aIncludes bibliographical references and index.
650 0 _aOcean energy resources
_zFrance.
650 0 _aRenewable energy sources
_zFrance.
700 1 _aMulton, Bernard.
856 4 2 _3Publisher description
_uhttp://catdir.loc.gov/catdir/enhancements/fy1205/2011043743-d.html
856 4 1 _3Table of contents only
_uhttp://www.loc.gov/catdir/enhancements/fy1402/2011043743-t.html
906 _a7
_bcbc
_corignew
_d1
_eecip
_f20
_gy-gencatlg
942 _2ddc
_cBK
999 _c355888
_d355888